000 00288nam a22001337a 4500
008 170615b xxu||||| |||| 00| 0 eng d
020 _a9780754643579
041 _aeng
080 _a94
100 _a16
101 _aSHH
245 _aSTRATEGIC PREEMPTION
_cPAULY,R.J
942 _2udc
_cBK
999 _c17504
_d17504